<?xml version="1.0" encoding="UTF-8"?><?xml-stylesheet type="text/xsl" href="static/style.xsl"?><OAI-PMH xmlns="http://www.openarchives.org/OAI/2.0/" xmlns:xsi="http://www.w3.org/2001/XMLSchema-instance" xsi:schemaLocation="http://www.openarchives.org/OAI/2.0/ http://www.openarchives.org/OAI/2.0/OAI-PMH.xsd"><responseDate>2026-04-14T09:13:24Z</responseDate><request verb="GetRecord" identifier="oai:www.recercat.cat:20.500.12327/2620" metadataPrefix="marc">https://recercat.cat/oai/request</request><GetRecord><record><header><identifier>oai:recercat.cat:20.500.12327/2620</identifier><datestamp>2025-10-22T11:07:41Z</datestamp><setSpec>com_2072_4428</setSpec><setSpec>com_2072_4427</setSpec><setSpec>col_2072_487898</setSpec></header><metadata><record xmlns="http://www.loc.gov/MARC21/slim" xmlns:dcterms="http://purl.org/dc/terms/" xmlns:xsi="http://www.w3.org/2001/XMLSchema-instance" xmlns:doc="http://www.lyncode.com/xoai" xsi:schemaLocation="http://www.loc.gov/MARC21/slim http://www.loc.gov/standards/marcxml/schema/MARC21slim.xsd">
   <leader>00925njm 22002777a 4500</leader>
   <datafield ind2=" " ind1=" " tag="042">
      <subfield code="a">dc</subfield>
   </datafield>
   <datafield ind2=" " ind1=" " tag="720">
      <subfield code="a">Čandek-Potokar, Marjeta</subfield>
      <subfield code="e">author</subfield>
   </datafield>
   <datafield ind2=" " ind1=" " tag="720">
      <subfield code="a">Lebret, Bénédicte</subfield>
      <subfield code="e">author</subfield>
   </datafield>
   <datafield ind2=" " ind1=" " tag="720">
      <subfield code="a">Gispert, Marina</subfield>
      <subfield code="e">author</subfield>
   </datafield>
   <datafield ind2=" " ind1=" " tag="720">
      <subfield code="a">Font-i-Furnols, Maria</subfield>
      <subfield code="e">author</subfield>
   </datafield>
   <datafield ind2=" " ind1=" " tag="260">
      <subfield code="c">2023-11-10</subfield>
   </datafield>
   <datafield ind2=" " ind1=" " tag="520">
      <subfield code="a">This study sought to evaluate pig carcass grading, describing the existing approaches and definitions, and highlighting the vision for overall quality grading. In particular, the current state of pig carcass grading in the European Union (SEUROP system), its weaknesses, and the challenges to achieve more uniformity and harmonization across member states were described, and a broader understanding of pig carcass value, which includes a vision for the inclusion of meat quality aspects in the grading, was discussed. Finally, the noninvasive methods for the on-line evaluation of pig carcass and meat quality (hereafter referred to as pork quality), and the conditions for their application were discussed. As the way pigs are raised (especially in terms of animal welfare and environmental impact), and more importantly, their perception of pork quality, is becoming increasingly important to consumers, the ideal grading of pigs should comprise pork quality aspects. As a result, a forward-looking “overall quality” approach to pork grading was proposed herein, in which grading systems would be based on the shared vision for pork quality (carcass and meat quality) among stakeholders in the pig industry and driven by consumer expectations with respect to the product. Emerging new technologies provide the technical foundation for such perspective; however, integrating all knowledge and technologies for their practical application to an “overall quality” grading approach is a major challenge. Nonetheless, such approach aligns with the recent vision of Industry 5.0, i.e. a model for the next level of industrialization that is human-centric, resilient, and sustainable.</subfield>
   </datafield>
   <datafield ind1="8" ind2=" " tag="024">
      <subfield code="a">Čandek-Potokar, M., Lebret, B., Gispert, M., &amp; Font-I-Furnols, M. 2024. "Challenges and future perspectives for the European grading of pig carcasses – A quality view". Meat Science, 208. doi.org/10.1016/j.meatsci.2023.109390.</subfield>
   </datafield>
   <datafield ind1="8" ind2=" " tag="024">
      <subfield code="a">0309-1740</subfield>
   </datafield>
   <datafield ind1="8" ind2=" " tag="024">
      <subfield code="a">http://hdl.handle.net/20.500.12327/2620</subfield>
   </datafield>
   <datafield ind1="8" ind2=" " tag="024">
      <subfield code="a">https://doi.org/10.1016/j.meatsci.2023.109390</subfield>
   </datafield>
   <datafield ind2="0" ind1="0" tag="245">
      <subfield code="a">Challenges and future perspectives for the European grading of pig carcasses – A quality view</subfield>
   </datafield>
</record></metadata></record></GetRecord></OAI-PMH>